000
00303nam a2200133Ia 4500
008
190216s9999||||xx |||||||||||||| ||und||
100
_a
Loney . Sl
245
0
_a
Tphysics-He Elements Of Hydrostatics
250
_a
19th Ed.
260
_b
Null
_c
1963
300
_a
253
650
_a
Physics
942
_c
BK
999
_c
32717
_d
32717